| 000 | 00517nam a2200193 a 4500 | ||
|---|---|---|---|
| 001 | 1770285652918 | ||
| 003 | YourLibrary | ||
| 005 | 20260205153743.0 | ||
| 008 | 260205s2002##################000#0#eng## | ||
| 020 | _a9780309082501 | ||
| 082 | 0 | 4 | _a333.2OST |
| 100 | 1 |
_aCouncil, National Research, _eauthor. |
|
| 245 | 1 | 0 | _aThe Drama of the Commons : |
| 260 |
_bNational Academies Press, _c2002. |
||
| 300 | _a534 pages | ||
| 650 | 0 | _aSocial Science. | |
| 942 | _cENGLISH | ||
| 040 |
_aYourLibrary _beng _cYourLibrary |
||
| 999 |
_c610479 _d610479 |
||